000 00308nam a2200133 i 4500
001 bg
100 1 _aSZAŁAJKO, Kazimierz.
245 0 _aMatematyka.
_nT.1 /
_cKazimierz Szałajko.
260 _aWarszawa,
_c1984.
040 _cBPK
041 _apol
942 _cKS
008 s pl f |000 0 pol
999 _c2366
_d2366
856 _uhttp://koha.tu.koszalin.pl/cgi-bin/koha/opac-detail.pl?biblionumber=2366
_yKatalog online BPK